Una política catalanista / Jaume Bofill ; prefaci de F. Cambó
Descripción Física:
XVI, 207 p., [1] f. ; 19'5 cm
Otros Autores:
Cambó, Francesc, 1876-1947
MARC
| LEADER | 00000nam a2200000Ia 4500 | ||
|---|---|---|---|
| 001 | 627 | ||
| 008 | 160829s1933 xx 000 0 cat d | ||
| 080 | |a M-2-321 | ||
| 100 | |a Bofill i Mates, Jaume |9 26461 | ||
| 245 | |a Una política catalanista / Jaume Bofill ; prefaci de F. Cambó | ||
| 260 | |a Barcelona : |b Llibreria Catalònia, |c 1933 | ||
| 300 | |a XVI, 207 p., [1] f. ; |c 19'5 cm | ||
| 650 | |a Catalunya |x Política i govern |x 1922/1933 |9 26462 | ||
| 650 | 0 | |a Nacionalisme |z Catalunya |9 11008 | |
| 700 | 1 | |a Cambó, Francesc, |d 1876-1947 |e autor del pròleg |9 26464 | |
| 901 | |a Arxiu | ||
| 942 | |n 1 |2 udc | ||
| 952 | |0 0 |1 0 |4 0 |6 M2321 |7 1 |9 43989 |a Arxiu |b Arxiu |d 2016-12-01 |l 0 |o M-2-321 |p 627 |r 2016-12-01 00:00:00 |w 2016-12-01 |y ARXIU | ||
| 999 | |c 46569 |d 46569 | ||